Breve historia de la matemática /

Guardado en:
Autor Principal: Vera, Francisco
Formato: Libro
Publicado: Buenos Aires : Losada, 1946
Materias:
Etiquetas: Agregar Etiqueta
Sin Etiquetas, Sea el primero en etiquetar este registro!
LEADER 00834nam a22001815a 4500
001 CEM.cems006524
005 20060214000000.0
008 130507s1946##################000#0#####d
003 CEMS
082 0 4 |a 510.9 
100 1 |a Vera, Francisco 
245 1 0 |a Breve historia de la matemática / 
260 |a Buenos Aires :  |b Losada,  |c 1946 
300 |a 176 p. 
505 0 |a Conjuntos; Numeros naturales; Relaciónes de igualdad y desigualdad de numeros naturales; Las cuatro operaciónes fundamentales con numeros naturales; Potenciación y radicación de numeros naturales; Divisibilidad; Numeros enteros; Las cuatro operaciónes fundamentales con numeros enteros; Numeros raciónales; Operaciónes con numeros raciónales 
653 |a Matematica 
653 |a Matematica-historia de la 
859 |a CEMS  |b BIB. CEMS - 11 de abril  |h 510.9  |i V58  |p 2848.74  |t Ej.1